| 000 | 00710nam a22002417a 4500 | ||
|---|---|---|---|
| 003 | 0 | ||
| 005 | 20180801161637.0 | ||
| 008 | 0 | ||
| 010 | _aA-903871 | ||
| 020 |
_c400.00 _a8185107645 |
||
| 035 | _aA-903871, A-903875 | ||
| 037 | _bCen Lib/Ret | ||
| 040 |
_aDPL _bEN _c0 |
||
| 082 |
_a080 _bSAR |
||
| 245 |
_aSarojini Naidu : _cselected, edited and introduced by Makarand Paranjpe _bselected letters 1890s to 1940s / |
||
| 260 |
_aNew Delhi _bkali for Women _c1996 |
||
| 270 |
_bNew Delhi _aB1/8 Hauz khas _e110016 |
||
| 300 |
_axl,324p. _c22cm(Hb) |
||
| 500 | _a Includes index | ||
| 650 |
_aBiography _97490 |
||
| 700 |
_aParanjpe, Makarand _9101729 |
||
| 942 |
_2ddc _cEN _h080 _mSAR |
||
| 999 |
_c132730 _d132730 |
||